000 00291 a2200145 4500
001 165558
020 _a
040 _cMagnum
100 _aFoucault, Michel
240 1 0 _aMicrofisica do poder
_lpor
245 1 0 _aMicrofisica do poder
362 0 _a1899
697 _aGERAL
942 _cBK
999 _c165558
_d165558